Спеціальні історичні дисципліни: питання теорії та методики (Запис № 580942)

МАРК-запис
000 -Лідер
fixed length control field 01378 a2200241 4500
003 - Ідентифікатор контрольного номера
control field UA-OsUOA
005 - Дата та час останнього входження (трансакції)
control field 20260624105644.0
008 - Елементи даних фіксованої довжини – загальна інформація
fixed length control field 260624b un ||||| |||| 00| 0 ukr d
020 ## - Міжнародний стандартний книжковий номер (ISBN)
Міжнародний стандартний книжковий номер (ISBN) (НП) 9660225547
040 ## - Джерело каталогізації
Мова каталогізації ukr
Агенція, яка здійснювала перезапис UA-OsUOA
041 ## - Код мови
Код мови тексту/ звукової доріжки чи окремого заголовка (П) ukr
080 ## - Індекс Універсальної десяткової класифікації
Індекс Універсальної десяткової класифікації (УДК) (НП) 930.2
090 ## - Локальний шифр розміщення
Класифікаційний індекс УДК 930.2
Авторський знак (НП) С41
110 ## - Наймення організації – загальна інформація
Найменування колективу або юрисдикції як початковий елемент введення Національна академія наук України
Структурний підрозділ Інститут істоорії України
-- Відділ спеціальних історичних дисциплін
9 (RLIN) 25670
245 ## - Відомості про назву
Назва (НП) Спеціальні історичні дисципліни: питання теорії та методики
Решта назви (НП) у двох частинах : збірник наукових праць
Дані про відповідальність (НП) відп. ред. М. Ф. Дмитрієнко
Номер частини/ розділу роботи (П) Ч. 2
-- Число 8–9
260 ## - Публікація, розповсюдження і т.п. (Вихідні дані)
Місце публікації, розповсюдження і т.п. (П) К.
Ім’я/ наймення видавництва, розповсюджувача і т.п. (П) ІІУНАНУ
Дата публікації, розповсюдження і т.п. (П) 2002
300 ## - Фізичний опис
Обсяг 500 с.
650 ## - Додаткове предметне введення – тематичний термін
Тематичний термін чи географічна назва, як елемент введення (НП) 930.2 Методологія історії. Допоміжні історичні дисципліни В тому числі: Дослідження, що базуються на письмових джерелах, записах, написах. Археографія
9 (RLIN) 2259
700 1# - Додаткове введення – ім'я особи
Ім’я особи (НП) Дмитрієнко М. Ф.
Термін відношення ред.
9 (RLIN) 25615
942 ## - Додаткові елементи входу (Коха)
Тип елемента Koha Книги
Source of classification or shelving scheme Universal Decimal Classification
955 ## - Код типу видання за змістом
Код типу видання за змістом (НП) Наукові видання
Фонди
Стан вилучень Стан втрат Джерело класифікації або схеми стелажів Стан уражень Не для кредиту Код колекції Постійне місце розташування Поточне розміщення Дата придбання Вартість, звичайна ціна покупки Усього замовленно Повний номер виклику Штрих-код Дата останнього перегляду Вартість, ціна заміни Ціна ефективна від Тип елемента Koha
    Universal Decimal Classification     Колекція Шевчука Валерія АБ - Абонемент НБ АБ - Абонемент НБ 24/06/2026 25.00   930.2 С41 170156 24/06/2026 25.00 24/06/2026 Книги